000 00298nam a2200133Ia 4500
100 _aRamamrutham/ S.
942 _cBK
654 _aApplied Mechanics
245 _aText Book Of Applied Mechanics
260 _bDhanpat Rai & Sons
_aDelhi
_c1989
300 _a832
546 _aENGLISH
999 _c18190
_d18190